000 00506cam a22001097a 4500
008 180718b-- xxu||||| |||| 00| 0 eng d
082 _aP06x54 In2s/v.1
245 _aSelections from educational records of the government of India
260 _aDelhi
_bThe Manager of Publications
_c--
300 _a--
500 _aLibrary has vol.1 : Educational Reports, 1959-71, vol.2 : Development of University Education, 1860-87, edited by J.P. Naik, vol.4 : Technical education in India, 1886-1907, edited by K.D. Bhargava
999 _c494453
_d494453